Sonic Characters - Statistics

General Stats
  • This quiz has been taken 165 times
  • The average score is 33 of 50
Answer Stats
First Appearance Character % Correct
Sonic the Hedgehog Dr. Eggman
100%
Sonic the Hedgehog Sonic the Hedgehog
100%
Sonic 3 & Knuckles Knuckles the Echidna
98%
Sonic the Hedgehog 2 Miles "Tails" Prower
98%
Sonic CD Amy Rose
95%
Sonic Adventure 2 Shadow the Hedgehog
95%
Sonic CD Metal Sonic
91%
Sonic Adventure 2 Rouge the Bat
90%
Sonic Rush Blaze the Cat
87%
Sonic the Hedgehog (2006) Silver the Hedgehog
87%
Sonic Advance 2 Cream the Rabbit
86%
Sonic Adventure Chaos
85%
Sonic Adventure Big the Cat
83%
Sonic Heroes Vector the Crocodile
81%
Sonic Heroes Espio the Chameleon
80%
Sonic Riders Jet the Hawk
80%
Sonic Heroes Charmy Bee
79%
Sonic Heroes E-123 Omega
78%
Sonic Adventure E-102 Gamma
74%
Sonic Adventure Tikal
74%
Sonic Adventure 2 Maria Robotnik
73%
Sonic the Hedgehog (2006) Princess Elise
71%
Sonic Unleashed Chip
69%
Sonic Riders Storm the Albatross
67%
Sonic Riders Wave the Swallow
67%
Sonic Adventure 2 Gerald Robotnik
64%
Sonic the Hedgehog (2006) Mephiles
64%
Sonic Boom Sticks
63%
Sonic Forces Infinite
62%
Shadow the Hedgehog Black Doom
61%
Sonic Generations Classic Sonic
58%
Sonic Advance 2 Vanilla
56%
Sonic Frontiers Sage
55%
Sonic Battle Emerl
54%
Sonic Lost World Zavok
54%
Sonic Unleashed Dark Gaia
53%
Sonic Rush Adventure Marine the Raccoon
52%
Sonic Rush Eggman Nega
50%
Sonic Unleashed Orbot
50%
Sonic Colors Cubot
49%
Sonic Forces Avatar
46%
Sonic the Hedgehog (2006) Iblis
44%
Sonic Unleashed Professor Pickle
40%
Sonic Generations Classic Eggman "Robotnik"
39%
Sonic Frontiers The End
36%
Sonic and the Black Knight Merlina
35%
Sonic Colors Yacker
33%
Sonic and the Secret Rings Erazor Djinn
31%
Sonic and the Black Knight King Arthur
29%
Sonic and the Secret Rings Shahra
28%
No matching quizzes found
Score Distribution
Percent of People with Each Score
Percentile by Number Answered
Your Score History
You have not taken this quiz